| 000 | 00417pab a2200157 454500 | ||
|---|---|---|---|
| 008 | 180718b2015 xxu||||| |||| 00| 0 eng d | ||
| 100 | _aGupta, Manu | ||
| 245 | _aRelavance of workplace spirituality in the Indian insurance sector | ||
| 260 | _c2015 | ||
| 300 | _ap.261-278. | ||
| 362 | _aApr | ||
| 700 | _aKumar, Vinod | ||
| 700 | _aSingh, Mandeep | ||
| 773 | _aIndian Journal of Social Work | ||
| 909 | _a111434 | ||
| 999 |
_c111429 _d111429 |
||